Statistics for Attack on titan quiz :D

Click here to take the quiz!

General Stats

  • This quiz has been taken 635 times
  • The average score is 18 of 24

Answer Stats

HintAnswer% Correct
That's a fresh titan YeagerEren Yeager
97%
Lowkey yandereMikasa Ackerman
93%
Smart scary coconutArmin Arlet
92%
Potatoes are lifeSasha Blouse
87%
Queen of the wallsHistoria Reiss (Krista Lenz)
84%
Lesbian with frecklesYmir
84%
Horse faceJean Kirstein
83%
Big nosed and stuck in a crystalAnnie Leonhart
82%
Obsessed with titansHange Zoë
82%
Looks like Aang from AvatarConnie Springer
78%
5'3 angry maidLevi Ackerman
78%
Damn those eyebrow thoughErwin Smith
77%
Eren's FatherGrisha Yeager
76%
Levi's uncleKenny Ackerman
74%
He is half the man he used to beMarco Bott
73%
Eren's MotherCarla Yeager
72%
Bipolar chicken nuggetReiner Braun
71%
Was kicked into a tree and diedPetra Ral
68%
Sweaty tall personBertolt Hoover
64%
Likes to sniff...people?Mike Zacharias
60%
Drunken Garrison member (rip)Hannes
57%
Leader of the GarrisonDot Pixis
55%
Crazy wall pastorPastor Nick
43%
104th squad leaderKeith Shadis
35%

Score Distribution

Percentile by Number Answered

Percent of People with Each Score

Your Score History

You have not taken this quiz